Managing publicly (Registro nro. 66665)

Detalles MARC
000 -ENCABEZADO
Número de control [NR] 00901nam a2200229Ia 4500
008 - DE LONGITUD FIJA DE DATOS DE ELEMENTOS - INFORMACIÓN GENERAL
Elementos de longitud fija [NR] 130821s2000 xxca gr eng
020 ## - NUMERO INTERNACIONAL NORMALIZADO PARA LIBROS [R]
Número Internacional Normalizado del libro [NR] 920715982
040 ## - FUENTE DE CATALOGACION [NR]
Agencia de catalogación original [NR] Co-BoUCM
Idioma de catalogación [NR] spa
041 00 - CODIGO DE IDIOMA [R]
Código de idioma para texto/pista de sonido o título separado [R] Inglés
100 1# - ASIENTO PRINCIPAL--NOMBRE PERSONAL [NR]
Nombre personal [NR] Mintzberg, Henry
ID Autoridad 28064
245 10 - MENCION DE TITULO [NR]
Título [NR] Managing publicly
Mención de responsabilidad, etc. [NR] Henry Mintzberg y Jacques Bourgault
260 ## - PUBLICACION, DISTRIBUCION, ETC. (PIE DE IMPRENTA) [R]
Lugar de publicación, distribución, etc. [R] Toronto (Ontario, Canadá)
Nombre del editor, distribuidor, etc. [R] The Institute of Public Administration of Canada
Fecha de publicación, distribución, etc. [R] 2000
300 ## - DESCRIPCION FISICA [R]
Extensión [R] vii, 177 páginas
Otros detalles físicos [NR] ilustraciones, cuadros, tablas
490 #0 - MENCION DE SERIE [R]
Mención de serie [R] Monographs on Canadian public administration
Designación numérica/secuencial del volumen [NR] 25
504 ## - NOTA DE BIBLIOGRAFIA, ETC. [R]
Nota de bibliografía, etc. [NR]
650 04 - ASIENTO SECUNDARIO DE MATERIA - TERMINO TEMATICO [R]
Término temático o nombre geográfico como elemento de entrada [NR] Administración pública
9 (RLIN) 355
650 04 - ASIENTO SECUNDARIO DE MATERIA - TERMINO TEMATICO [R]
Término temático o nombre geográfico como elemento de entrada [NR] Gobernabilidad
9 (RLIN) 16470
710 2# - ASIENTO SECUNDARIO - NOMBRE CORPORATIVO [R]
Nombre corporativo o de jurisdicción como elemento de entrada [NR] Canadian Centre for Management Developmen
9 (RLIN) 70058
710 2# - ASIENTO SECUNDARIO - NOMBRE CORPORATIVO [R]
Nombre corporativo o de jurisdicción como elemento de entrada [NR] The Institute of Public Administration of Canada
9 (RLIN) 70059
942 ## - ELEMENTOS DE ENTRADA AGREGADOS (KOHA)
Tema principal Administración
Edición 1
Prefijo de la signatura top. (colección) Colección - Referencia
Parte restante de la signatura top. M667m
Tipo de ítem principal el descrito en 300a Libro
Sistema de clasificación DEWEY
Clasificación 350
Existencias
Fecha de último préstamo Total préstamos Signatura topográfica Código de barras Última vez visto Ejemplar Price effective from Tipo de ítem Perdido Sistema de clasificación Dañado No prestable Tipo de ítem específico Suprimido Ubicación habitual Ubicación actual Localización Fecha de creación Forma de adquisición Costo
30/04/2015 2 350 M667m 100106140 10/12/2025 Ej.2 03/02/2013 Libro   DEWEY     Libro   Claustro Claustro 2do piso 28/02/2010 Compra 66874.00